| 000 | 00818nam a2200217Ia 4500 | ||
|---|---|---|---|
| 003 | GCL | ||
| 008 | 140319s9999 xx 000 0 ara d | ||
| 040 |
_aGCL / _cGCL |
||
| 082 | 0 | 4 |
_a953.071 _bك ح |
| 100 | 1 | _aسليمان العطار | |
| 245 | 1 | 0 |
_aحضارة الاسلام فى اسبانيا : _bدراسة تاريخية مقارنة فى اللغة والادب والسير الذاتية / _cسليمان العطار |
| 700 | 1 | _aكاسترو، اميريكو | |
| 260 |
_aالقاهرة : _bدار الثقافة للنشر والتوزيع ، _c1983 |
||
| 300 |
_a193 ص ؛ _c24 سم |
||
| 650 | 0 | 4 | _aالعالم العربى |
| 650 | 0 | 4 | _aتاريخ |
| 650 | 0 | 4 | _aالاسلام والمسيحية |
| 650 | 0 | 4 | _aالاندلس |
| 650 | 0 | 4 | _aالحضارة الاسلامية |
| 942 |
_2ddc _cBK |
||
| 999 |
_c29183 _d29183 |
||